Cláusulas penais moratória e compensatória : (Record no. 313)

MARC details
000 -LÍDER
Campo Fixo de Controle 00868nam a2200253 a 4500
001 - NÚMERO DE CONTROLE
Campo de Controle 313
003 - IDENTIFICAÇÃO DO NÚMERO DE CONTROLE
Campo de Controle BR-CuiBMT
005 - DATA E HORA DA ÚLTIMA ATUALIZAÇÃO
Campo de Controle 20231121231215.0
008 - DADOS FIXOS
Dados Fixos 230929s2019 mgb 000 0 por d
020 ## - INTERNATIONAL STANDARD BOOK NUMBER
Nº do ISBN 9788545005568
040 ## - AGÊNCIA CATALOGADORA
Código da Agência Catalogadora BR-CuiBMT
Agência que transcreveu o registro BR-CuiBMT
080 ## - Nº DA CLASSIFICAÇÃO DECIMAL UNIVERSAL
Nº edição CDU 2007
Nº Class. CDU 347.447.7
090 ## - NÚMERO DE CHAMADA
Nº classificação 347.447.7
Cutter A148c
100 1# - ENTRADA PRINCIPAL -- AUTOR PESSOAL
Nome pessoal Abilio, Vivianne da Silveira
245 10 - TÍTULO PRINCIPAL
Título principal Cláusulas penais moratória e compensatória :
Subtítulo critérios de distinção /
Indicação de responsabilidade Vivianne da Silveira Abilio ; prefácio Gustavo Tepedino.
260 ## - PUBLICAÇÃO, DISTRIBUIÇÃO, ETC.
Local de publicação Belo Horizonte :
Editora Fórum,
Data 2019.
300 ## - DESCRIÇÃO FÍSICA
N. páginas ou volumes 204 p. ;
Dimensões 22 cm
504 ## - NOTA DE BIBLIOGRAFIA, ETC.
Nota de bibliografia Inclui bibliografia.
650 ## - ASSUNTO TÓPICO
Cabeçalho tópico ou nome geográfico Direito civil
Subdivisão geral Cláusula penal
Subdivisão geográfica Brasil
650 ## - ASSUNTO TÓPICO
Cabeçalho tópico ou nome geográfico Direito civil
Subdivisão geral Inadimplemento
Subdivisão geográfica Brasil
650 ## - ASSUNTO TÓPICO
Cabeçalho tópico ou nome geográfico Direito civil
Subdivisão geral Juros compensatórios
Subdivisão geográfica Brasil
650 ## - ASSUNTO TÓPICO
Cabeçalho tópico ou nome geográfico Direito civil
Subdivisão geral Juros de mora
Subdivisão geográfica Brasil
942 ## - ELEMENTOS DE ENTRADA ADICIONAIS (KOHA)
Fonte de classificação ou esquema de arquivamento Classificação Decimal Universal
Tipo de item do Koha Livros
Holdings
Estado: removido Estado: perdido Fonte de classificação ou esquema de arquivamento Estado: danificado Indisponível para empréstimo Localização permanente Localização atual Data de aquisição Total Checkouts Número de Chamada completo Código de barras Date last seen Número do exemplar Preço efetivo a partir de Tipo de item (Koha)
    Classificação Decimal Universal     Biblioteca da Escola Superior de Contas do TCE/MT Biblioteca da Escola Superior de Contas do TCE/MT 29/09/2023   347.447.7 A148c BIBTCEMT23090122 29/09/2023 Ex. 1 29/09/2023 Livros
    Classificação Decimal Universal     Biblioteca da Escola Superior de Contas do TCE/MT Biblioteca da Escola Superior de Contas do TCE/MT 29/09/2023   347.447.7 A148c BIBTCEMT23090123 29/09/2023 Ex. 2 29/09/2023 Livros
    Classificação Decimal Universal     Biblioteca da Escola Superior de Contas do TCE/MT Biblioteca da Escola Superior de Contas do TCE/MT 29/09/2023   347.447.7 A148c BIBTCEMT23090124 29/09/2023 Ex. 3 29/09/2023 Livros

Powered by Koha